000 00376nam a22001577a 4500
999 _c8002
_d8002
003 OSt
005 20190325152414.0
008 190325b ||||| |||| 00| 0 eng d
040 _cDLC
082 _a494
_bG738M
100 _aGraham, Billy
245 _aMarananaudaram endu?
_cBllly Graham
260 _aINdia:
_bOM books
_cc. 1997
300 _a194 p.;
_c20 cm
942 _2ddc
_cBK